Представление документа в формате MARC21

Поле Инд. ПП Название Значение
Тип записи a
Библиографический уровень m
001 Контрольный номер RU/IS/BASE/354726392
005 Дата корректировки 20140703194633.6
040 a Служба первич. каталог. НБ ТвГУ
b Код языка каталог. rus
e Правила каталог. PSBO
041 0_ a Код языка текста rus
080 a Индекс УДК 316.648:659.1(043.3)
084 a Индекс другой классификации/Индекс ББК С028.13я031
084 a Индекс другой классификации/Индекс ББК С033.3я031
084 a Индекс другой классификации/Индекс ББК С524.224.67я031
090 a Полочн. индекс С028.1
x Авторский знак В 61
100 1_ a Автор Воат Алексей Александрович
q Полное имя Воат А. А.
245 10 a Заглавие Рекламно-информационное пространство и его влияние на формирование массового сознания: социально-философский анализ
b Продолж. заглавия автореф. дис. ... канд. филос. наук : 09.00.11
c Ответственность Яросл. гос. ун-т им. П. Г. Демидова, Каф. социал. антропологии и межкультур. коммуникаций
260 a Место издания Тверь
c Дата издания 2011
300 a Объем 21 с.
500 a Примечание На правах рукоп.
504 a Библиография Библиогр. в конце кн. (10 назв.)
653 a Ключевые слова Авторефераты
a Ключевые слова Информационное общество
a Ключевые слова Массовое сознание
a Ключевые слова Общественное сознание
a Ключевые слова Политическая реклама
a Ключевые слова Реклама
a Ключевые слова Рекламное воздействие
a Ключевые слова Рекламно-информационное пространство
a Ключевые слова Социальная философия
a Ключевые слова Убеждающая информация
a Ключевые слова Философия
901 t Тип документа m
920 a Оператор Густ
930 a Новая/Ретро авторефераты
952 c Вид литературы А/Р н
954 a Дата поступления на обработку 20110330